000
00309nam a22000977a 4500
008
150720b xxu||||| |||| 00| 0 eng d
010
_8
HCCRS ARF:030
245
_a
HIGH COURT CRIMINAL SESSION NO. 84 OF 1974 Uganda Vs Ausi Kampala
260
_a
High Court Kampala
500
_3
Before: Hon. Mr. Justice P.A.P.J.Allen
999
_c
7948
_d
7948